00353nam a2200145Ia 45000030006000000080041000060400015000471000016000622450043000782500006001212600043001273000006001705460014001760050017001900STCL150530s9999 xx 000 0 und d aSTCLcSTCL aPylee, M.V. aRussiayile Kazhchakalum Anubhavangalum a1 bCurrent Book; Thrissurc2007aThrissur a0 aMalayalam20220125171704.0